Bezpečnosť a ochrana zdravia v školstve = Activities of informations management : Diplomová práca

Enregistré dans:
Détails bibliographiques
Auteur principal: Žucha, Ján (Auteur)
Autres auteurs: Končal, Viliam, 1943- (xxx)
Format: Manuscrit Livre
Langue:slovaque
Publié: Trnava : STU v Bratislave MTF UIPH, 2009
Sujets:
BOZ
Tags: Ajouter un tag
Pas de tags, Soyez le premier à ajouter un tag!

MARC

LEADER 00000ntm a22000003a 4500
001 stu182348
005 20160719154353.6
008 090327s2009----xo------------------slo-d
040 |a STU  |b slo 
041 0 |a slo 
044 |a xo 
100 1 |a Žucha, Ján  |4 aut 
245 1 |a Bezpečnosť a ochrana zdravia v školstve = Activities of informations management :  |b Diplomová práca 
260 |a Trnava :  |b STU v Bratislave MTF UIPH,  |c 2009 
300 |a 71 s  |c príl (1 CD-ROM) 
500 |a Študijný program: učiteľstvo technických profesijných predmetov 
500 |a Študijný odbor: 1.1.2 učiteľstvo profesijných predmetov a praktickej prípravy 
650 7 |a BOZ  |2 stusub 
700 1 |a Končal, Viliam,  |d 1943-  |4 xxx  |u M310  |U MTF Ústav inžinierskej pedagogiky a humatitných vied  |T MTF Katedra humanitných vied  |X 1491  |U M310  |Y M310  |7 A000001491 
996 |b 284M070106  |c M*DP-7820  |l MMSKP  |s P  |a 0  |w stu182348_0001